Taylor Swift song - one word at the time #15 - Statistics

General Stats
  • This quiz has been taken 40 times
  • The average score is 226 of 368
Answer Stats
Answer % Correct
a
96%
I
96%
I'd
96%
I'm
96%
an
93%
me
89%
the
89%
The
89%
you
89%
You
89%
And
85%
and
85%
And
85%
do
85%
be
81%
He
81%
he
81%
He's
81%
My
78%
my
78%
to
78%
we
78%
we'll
78%
if
74%
In
74%
in
74%
are
70%
it
70%
it's
70%
It's
70%
On
70%
so
70%
So
70%
but
67%
But
67%
don't
67%
for
67%
is
67%
know
67%
What
67%
what
67%
where
67%
Your
67%
your
67%
all
63%
of
63%
see
63%
what's
63%
can't
59%
evermore
59%
from
59%
hand
59%
meet
59%
time
59%
been
56%
day
56%
ivy
56%
one
56%
this
56%
us
56%
How's
52%
fear
52%
house
52%
How's
52%
now
52%
Now
52%
Oh
52%
only
52%
Or
52%
out
52%
palm
52%
that
52%
would
52%
another
48%
covered
48%
fits
48%
freezing
48%
goddamn
48%
grows
48%
here
48%
just
48%
mine
48%
pain
48%
promised
48%
room
48%
stone
48%
Stop
48%
watch
48%
die
44%
does
44%
dreamland
44%
every
44%
gonna
44%
live
44%
long
44%
roots
44%
run
44%
sit
44%
started
44%
wait
44%
wants
44%
war
44%
wine
44%
wish
44%
yeah
44%
bones
41%
burn
41%
eyes
41%
faith
41%
fight
41%
fire
41%
flaw
41%
forgotten
41%
found
41%
Grieving
41%
ground
41%
husband's
41%
land
41%
life
41%
living
41%
meets
41%
old
41%
putting
41%
spirit
41%
Taking
41%
yours
41%
become
37%
blaze
37%
borrowed
37%
breaks
37%
cursed
37%
dare
37%
drink
37%
fatal
37%
fields
37%
glow
37%
goes
37%
incandescent
37%
loose
37%
near
37%
opal
37%
snow
37%
Spring
37%
Tarnished
37%
tell
37%
touch
37%
begged
33%
blooms
33%
clear
33%
coast
33%
Crescent
33%
dark
33%
grand
33%
Magnificently
33%
makes
33%
moments
33%
moon
33%
brought
30%
Clover
30%
forth
30%
stole
30%
widow
30%
No matching quizzes found
Score Distribution
Percent of People with Each Score
Percentile by Number Answered
Your Score History
You have not taken this quiz